[Event "Titled Tue 17th Jun Late"]
[Site "chess.com INT"]
[Date "2025.06.17"]
[Round "1"]
[White "Vila Dupla, Aurelio"]
[Black "Demirtas, Alper"]
[Result "0-1"]
[WhiteTitle "FM"]
[BlackTitle "CM"]
[WhiteElo "2056"]
[BlackElo "2205"]
[WhiteFideId "2203383"]
[BlackFideId "44576781"]
[EventDate "2025.06.17"]

1. Nf3 Nf6 2. d4 d5 3. c4 e6 4. cxd5 exd5 5. Nc3 c6 6. Qc2 Be7 7. Bg5 Nbd7 8. e3
Nh5 9. Bxe7 Qxe7 10. O-O-O Nb6 11. Kb1 g6 12. Bd3 Be6 13. h3 O-O-O 14. g4 Ng7
15. Na4 Kb8 16. Nxb6 axb6 17. Qb3 Qc7 18. Rc1 Ne8 19. Ng5 Nd6 20. Nxe6 fxe6 21.
f4 c5 22. dxc5 bxc5 23. Qa3 c4 24. Bc2 Rhe8 25. h4 e5 26. h5 exf4 27. exf4 Ne4
28. hxg6 hxg6 29. f5 gxf5 30. gxf5 Qf4 31. Bxe4 Qxe4+ 32. Ka1 Qxf5 33. Qc5 Qc8
34. Qd4 Re4 35. Qd2 Qc7 36. Rhe1 Qe5 37. Rxe4 Qxe4 38. Qb4 Qe3 39. Kb1 Qd3+ 40.
Ka1 Qe3 41. Kb1 Re8 42. a3 Qe7 43. Qb5 Rd8 44. Rd1 Qe4+ 45. Ka1 Qf3 46. Rc1 Qf4
47. Rc3 Qf1+ 48. Ka2 Qf7 49. Qb6 Qc7 50. Qd4 Rd7 51. Rc2 Qc6 52. Rc3 Qb5 53. Rc2
Qb3+ 54. Kb1 Rd8 55. Qd1 Ka8 0-1

[Event "Titled Tue 17th Jun Late"]
[Site "chess.com INT"]
[Date "2025.06.17"]
[Round "1"]
[White "Ersahin, Bulent"]
[Black "Malek, Jan"]
[Result "1-0"]
[WhiteTitle "CM"]
[BlackTitle "GM"]
[WhiteElo "2106"]
[BlackElo "2505"]
[WhiteFideId "6302670"]
[BlackFideId "21864080"]
[EventDate "2025.06.17"]

1. e4 c6 2. d4 d5 3. Nc3 dxe4 4. Nxe4 Nf6 5. Nxf6+ exf6 6. c3 Bd6 7. Bd3 O-O 8.
Qc2 Re8+ 9. Ne2 g6 10. h4 f5 11. h5 c5 12. hxg6 hxg6 13. g4 fxg4 14. Be3 Rxe3
15. fxe3 Qg5 16. O-O-O Nc6 17. Kb1 Be6 18. dxc5 Bxc5 19. Nd4 Re8 20. Qh2 Kf8 21.
Qc7 Re7 22. Nxe6+ Rxe6 23. Qxb7 Kg7 24. Bc4 Qf5+ 25. Ka1 Rf6 26. Bxf7 Rxf7 27.
Qxc6 Bxe3 28. Qe8 Bh6 29. Rxh6 Kxh6 30. Qh8+ Kg5 31. a3 Rd7 32. Re1 g3 33. Re5
g2 34. Rxf5+ Kxf5 35. Qh3+ Kf6 36. Qxg2 Re7 37. Qc6+ Kg7 38. Qd6 Rf7 39. Qd4+
Kh6 40. Qh4+ Kg7 41. c4 Rf6 42. c5 Kf7 43. Qc4+ Kg7 44. Qd4 Kf7 45. c6 Rxc6 46.
Qd7+ 1-0

[Event "Titled Tue 17th Jun Late"]
[Site "chess.com INT"]
[Date "2025.06.17"]
[Round "1"]
[White "Einarsson, Halldor Gretar"]
[Black "Golis, Wiktor"]
[Result "1-0"]
[WhiteTitle "FM"]
[BlackTitle "FM"]
[WhiteElo "2177"]
[BlackElo "2307"]
[WhiteFideId "2300150"]
[BlackFideId "21055874"]
[EventDate "2025.06.17"]

1. d4 d5 2. Nf3 e6 3. g3 Nf6 4. Bg2 Be7 5. O-O O-O 6. c4 dxc4 7. Ne5 Nc6 8. Nxc6
bxc6 9. Na3 Bxa3 10. bxa3 Nd5 11. Qa4 Nb6 12. Qxc6 Bd7 13. Qc5 Rc8 14. Bd2 Qf6
15. Be4 h6 16. Bf4 Rfd8 17. Be5 Qg5 18. Bb7 Rb8 19. Qxc7 Be8 20. Be4 Nd7 21. Bf4
Qb5 22. Rab1 Qa6 23. Qd6 Nf6 24. Qxa6 Nxe4 25. Rxb8 Rxb8 26. Qxc4 Rd8 27. Be5 f6
28. Bc7 Ra8 29. Qxe6+ Bf7 30. Qxe4 Rc8 31. Qb7 Re8 32. d5 Rxe2 33. d6 Be6 34.
Qc6 Bh3 35. Rd1 Re6 36. Qd5 Kh7 37. d7 Rd6 38. Qxd6 Bg4 39. d8=Q Bf5 40. Qd5 Kg6
41. Qxf5+ Kxf5 42. Qd3+ Ke6 43. Qd5+ Ke7 44. Re1+ Kf8 45. Qd8+ Kf7 46. Qe8# 1-0

[Event "Titled Tue 17th Jun Late"]
[Site "chess.com INT"]
[Date "2025.06.17"]
[Round "1"]
[White "Sitbon, Itay"]
[Black "Sarkar, Justin"]
[Result "1-0"]
[BlackTitle "IM"]
[WhiteElo "2206"]
[BlackElo "2284"]
[WhiteFideId "2820706"]
[BlackFideId "2010011"]
[EventDate "2025.06.17"]

1. e4 c5 2. d4 cxd4 3. c3 dxc3 4. Nxc3 Nc6 5. Nf3 e6 6. Bc4 a6 7. O-O Nge7 8.
Re1 Ng6 9. Be3 d6 10. Rc1 Be7 11. Na4 b5 12. Bb3 Bb7 13. Bb6 Qd7 14. Nc3 O-O 15.
a4 b4 16. Ne2 a5 17. Ng3 Rfc8 18. Nh5 Qe8 19. Qd2 Nce5 20. Nd4 Ba6 21. Rcd1 Bf8
22. f4 Nd3 23. Re3 Ndxf4 24. Nxf4 Nxf4 25. Rg3 Ng6 26. h4 Kh8 27. h5 Ne5 28. h6
g6 29. Nf3 Be7 30. Bd4 Bf6 31. Qf4 Qe7 32. Nxe5 dxe5 33. Bxe5 Bxe5 34. Qxe5+ f6
35. Qxe6 Qxe6 36. Bxe6 Re8 37. Bd5 Rad8 38. Kf2 Rxe4 39. Bxe4 Rxd1 40. Re3 Rd2+
41. Kg3 Kg8 42. Bc6 Kf8 43. Re8+ Kf7 44. Ra8 Bc4 45. Ra7+ Ke6 46. Rxh7 Rxb2 47.
Rh8 Rb3+ 48. Bf3 Kf7 49. Rc8 g5 50. h7 1-0

[Event "Titled Tue 17th Jun Late"]
[Site "chess.com INT"]
[Date "2025.06.17"]
[Round "1"]
[White "Avramidou, Anastasia"]
[Black "Jing, Andrew"]
[Result "1-0"]
[WhiteTitle "FM"]
[BlackTitle "FM"]
[WhiteElo "2294"]
[BlackElo "2292"]
[WhiteFideId "4239873"]
[BlackFideId "30984076"]
[EventDate "2025.06.17"]

1. Nf3 Nf6 2. c4 g6 3. g3 Bg7 4. Bg2 O-O 5. O-O d6 6. b3 Ne4 7. d4 c5 8. Bb2 Nc6
9. e3 Bg4 10. h3 Bxf3 11. Bxf3 Ng5 12. Bg2 Ne6 13. Bxc6 bxc6 14. Na3 cxd4 15.
exd4 c5 16. Nc2 Qd7 17. Kh2 Ng5 18. g4 Qc7 19. f4 Ne6 20. Qd2 a5 21. Bc3 cxd4
22. Nxd4 Nc5 23. Rae1 Qd7 24. Nb5 a4 25. b4 Ne6 26. f5 Nc7 27. Bxg7 Kxg7 28.
Rxe7 Qxe7 29. f6+ Qxf6 30. Rxf6 Nxb5 31. Qb2 a3 32. Qa1 Nc7 33. Rxd6+ Kg8 34. b5
Rfe8 35. Rd2 Ra4 36. Qc3 h6 37. b6 Na6 38. c5 Rc8 39. c6 Rb4 40. b7 Rxb7 41.
Rd8+ Rxd8 42. cxb7 Nb8 43. Qxa3 Kg7 44. Qc3+ Kh7 45. Qc7 Rd2+ 46. Kg1 Na6 47.
Qxf7+ Kh8 48. a4 h5 49. Qf8+ Kh7 50. b8=Q Nxb8 51. Qxb8 hxg4 52. hxg4 Rd1+ 53.
Kg2 Rd2+ 54. Kg3 Rd3+ 55. Kh4 g5+ 56. Kxg5 Rd7 57. Qb1+ Kg7 58. Qg6+ Kh8 59. Qf5
Rg7+ 60. Kf4 Rf7 61. a5 Kg8 62. a6 Kh8 63. g5 Kg8 64. Qxf7+ Kh8 65. Qf6+ Kg8 66.
Qe7 Kh8 67. a7 Kg8 68. Kg4 Kh8 69. Kh5 Kg8 70. Kh6 Kh8 71. g6 Kg8 72. Qd7 Kh8
73. Qc7 Kg8 74. Qb7 Kf8 75. Qf7# 1-0

[Event "Titled Tue 17th Jun Late"]
[Site "chess.com INT"]
[Date "2025.06.17"]
[Round "1"]
[White "Holinka, Henning"]
[Black "El Jawich, Amro"]
[Result "1/2-1/2"]
[WhiteTitle "FM"]
[BlackTitle "FM"]
[WhiteElo "2303"]
[BlackElo "2307"]
[WhiteFideId "12967084"]
[BlackFideId "5300380"]
[EventDate "2025.06.17"]

1. Nf3 g6 2. h4 d5 3. h5 Bg7 4. e3 c5 5. d4 cxd4 6. exd4 Nc6 7. c3 Qb6 8. a4 Bg4
9. hxg6 hxg6 10. Rxh8 Bxh8 11. b4 Rd8 12. a5 Qc7 13. Be3 e5 14. Be2 Bxf3 15.
Bxf3 exd4 16. cxd4 Nxb4 17. Qa4+ Nc6 18. Nc3 Ne7 19. a6 b6 20. Rc1 Kf8 21. Nxd5
Nxd5 22. Qxc6 Qxc6 23. Rxc6 Nb4 24. Rc7 Nxa6 25. Rxa7 Nb4 26. Ra4 Nc2+ 27. Ke2
Nxd4+ 28. Bxd4 Bxd4 29. Ra7 Bc5 30. Rb7 Kg7 31. Be4 Re8 32. Kf3 Re7 33. Rb8 f5
34. Bd5 Kf6 35. g3 Rd7 36. Bc4 Bd6 37. Bb5 Bxb8 38. Bxd7 g5 39. Ke3 Bd6 40. Bc6
Bc5+ 41. Kf3 Ke5 42. g4 f4 43. Ke2 Kd4 44. f3 Kc4 45. Kd2 b5 46. Kc2 b4 47. Be4
Kd4 48. Kb3 Ke3 49. Bb7 Be7 50. Be4 Kf2 51. Bb7 Ke3 52. Be4 Kd2 53. Bb7 Kd3 54.
Be4+ Kd4 55. Bb7 Kc5 56. Be4 Kb5 57. Ba8 Bf6 58. Be4 Bc3 59. Bd3+ Kc5 60. Be4
Kd4 61. Bf5 Ke3 62. Be4 Kd2 63. Bb7 Ke3 64. Ba8 Kd2 65. Bb7 Ke3 66. Ba8 Kd2 67.
Bb7 1/2-1/2

[Event "Titled Tue 17th Jun Late"]
[Site "chess.com INT"]
[Date "2025.06.17"]
[Round "1"]
[White "Atoyan, Alberto"]
[Black "Playa, Marcelo"]
[Result "1-0"]
[WhiteTitle "CM"]
[BlackTitle "IM"]
[WhiteElo "2266"]
[BlackElo "2376"]
[WhiteFideId "13314831"]
[BlackFideId "102202"]
[EventDate "2025.06.17"]

1. e4 e6 2. d4 d5 3. Nd2 c5 4. exd5 exd5 5. Ngf3 Nc6 6. Bb5 Bd6 7. dxc5 Bxc5 8.
O-O Ne7 9. Nb3 Bb6 10. Bf4 O-O 11. h3 Bf5 12. c3 Ng6 13. Bg3 Be4 14. Nbd4 Qf6
15. Re1 Nf4 16. Bxf4 Qxf4 17. Nxc6 bxc6 18. Bxc6 Rad8 19. Nd4 Rd6 20. Qc1 Qh4
21. f3 Rxc6 22. fxe4 Bxd4+ 23. Kh1 dxe4 24. Qc2 e3 25. Qa4 Rd6 26. cxd4 Rxd4 27.
Qxa7 Re8 28. Re2 Rde4 29. Rae1 Qg3 30. a4 g5 31. Qc5 R8e5 32. Qc8+ Kg7 33. Rf1
Rf4 34. Rxf4 gxf4 35. Qc3 f6 36. Qe1 Qg5 37. b4 Re4 38. a5 Qb5 39. Rb2 e2 40.
Kg1 f3 41. gxf3 Qg5+ 42. Kf2 Qe3+ 43. Kg2 Re5 44. h4 1-0

[Event "Titled Tue 17th Jun Late"]
[Site "chess.com INT"]
[Date "2025.06.17"]
[Round "1"]
[White "Krishnakumar, Sriram"]
[Black "Maghsoodloo, Parham"]
[Result "1-0"]
[WhiteTitle "FM"]
[BlackTitle "GM"]
[WhiteElo "2197"]
[BlackElo "2691"]
[WhiteFideId "30915856"]
[BlackFideId "12539929"]
[EventDate "2025.06.17"]

1. e4 c5 2. Nf3 e6 3. g3 a6 4. Bg2 b5 5. O-O Bb7 6. Re1 Nc6 7. d4 cxd4 8. Nxd4
Bc5 9. Be3 Qb6 10. Nxc6 Bxc6 11. Nc3 Ne7 12. e5 Bxe3 13. Rxe3 Nf5 14. Rd3 O-O
15. Ne4 Qc7 16. Nd6 Ne7 17. c3 Rab8 18. f4 a5 19. Qd2 b4 20. c4 a4 21. b3 Qa7+
22. Qf2 Qa5 23. Rad1 axb3 24. axb3 h6 25. g4 f5 26. g5 hxg5 27. Bxc6 dxc6 28.
Kh1 Ng6 29. Rg3 g4 30. h3 Qd8 31. hxg4 Qh4+ 32. Qh2 Qxh2+ 33. Kxh2 Nxf4 34. gxf5
exf5 35. Rdg1 g6 36. Rf1 Nh5 37. Rxg6+ Kh7 38. Rg5 Kh6 39. Rfg1 Ra8 40. Nxf5+
Rxf5 41. Rxf5 Ra3 42. Rf3 Ra2+ 43. Rg2 Ra5 44. e6 Re5 45. Rf8 Kh7 46. Rf7+ Kh6
47. e7 c5 48. Rg8 Re2+ 49. Kg1 Ng7 50. Rgxg7 Re1+ 51. Kf2 Re4 52. Rg8 Rd4 53.
e8=Q Rf4+ 54. Ke3 Re4+ 55. Kxe4 1-0

[Event "Titled Tue 17th Jun Late"]
[Site "chess.com INT"]
[Date "2025.06.17"]
[Round "1"]
[White "Ameir, Moheb"]
[Black "Sanal, Vahap"]
[Result "0-1"]
[WhiteTitle "IM"]
[BlackTitle "GM"]
[WhiteElo "2364"]
[BlackElo "2564"]
[WhiteFideId "10600620"]
[BlackFideId "6300545"]
[EventDate "2025.06.17"]

1. e4 e5 2. Nf3 Nc6 3. Bb5 f5 4. d3 fxe4 5. dxe4 Nf6 6. O-O d6 7. Bc4 Bg4 8. h3
Bh5 9. Qd3 Qd7 10. Ng5 h6 11. Ne6 Bf7 12. Nxf8 Rxf8 13. Bb5 a6 14. Ba4 b5 15.
Bb3 Nd4 16. Be3 Nxb3 17. axb3 Bg6 18. f3 Kf7 19. b4 Kg8 20. Nc3 Kh7 21. Ra3 Bf7
22. Rfa1 Qc6 23. Nd5 Ne8 24. Kh2 Kh8 25. c3 Bxd5 26. exd5 Qb7 27. b3 Nf6 28. c4
bxc4 29. bxc4 Nd7 30. c5 Qxb4 31. Rb1 Qh4 32. c6 Nf6 33. Rb7 Rf7 34. Rab3 Raf8
35. Ra7 Nh5 36. Rxa6 Qg3+ 37. Kh1 Rxf3 38. gxf3 Qxf3+ 39. Kg1 Qg3+ 40. Kh1 Qxh3+
41. Kg1 Ng3 42. Bf4 Qh1+ 43. Kf2 Rxf4+ 0-1

[Event "Titled Tue 17th Jun Late"]
[Site "chess.com INT"]
[Date "2025.06.17"]
[Round "1"]
[White "Uzuner, Tufan Can"]
[Black "Ali, Sebbar"]
[Result "1-0"]
[WhiteTitle "CM"]
[BlackTitle "IM"]
[WhiteElo "1909"]
[BlackElo "2400"]
[WhiteFideId "6300499"]
[BlackFideId "8100977"]
[EventDate "2025.06.17"]

1. d4 d5 2. Nf3 Nf6 3. c4 e6 4. Nc3 c5 5. e3 Nc6 6. a3 a6 7. dxc5 Bxc5 8. b4 Ba7
9. cxd5 exd5 10. Bd3 O-O 11. O-O Bg4 12. h3 Bh5 13. Be2 Re8 14. Bb2 Rc8 15. Nd4
Bg6 16. Bf3 Bb8 17. Nxc6 bxc6 18. Ne2 Ne4 19. Rc1 Qd6 20. g3 h5 21. h4 a5 22.
bxa5 Nxg3 23. Nxg3 Rxe3 24. Qd4 Re5 25. Qxe5 Qxe5 26. Bxe5 Bxe5 27. Bxd5 c5 28.
a6 Bb8 29. Be4 Bxg3 30. Bxg6 fxg6 31. fxg3 Ra8 32. Rxc5 Rxa6 33. Rf3 Kh7 34. Rc7
g5 35. Rff7 gxh4 36. Rxg7+ Kh8 37. gxh4 Rg6+ 38. Kf2 Rf6+ 39. Ke3 Re6+ 40. Kd4
Rd6+ 41. Kc5 Rd5+ 42. Kc6 Rd6+ 43. Kb7 Rb6+ 44. Kc8 Rb8+ 45. Kd7 Kxg7 46. Rc5
Kg6 47. Rg5+ Kh6 48. a4 Rb4 49. a5 Rxh4 50. Rb5 Ra4 51. Kc7 h4 52. Kb6 h3 53.
Rb3 Rh4 54. Rb1 Kg5 55. a6 h2 56. Rh1 Rh8 57. a7 1-0

[Event "Titled Tue 17th Jun Late"]
[Site "chess.com INT"]
[Date "2025.06.17"]
[Round "1"]
[White "Petrus, Adrian"]
[Black "Palczert, Matyas"]
[Result "0-1"]
[WhiteTitle "CM"]
[BlackTitle "FM"]
[WhiteElo "2203"]
[BlackElo "2396"]
[WhiteFideId "14573652"]
[BlackFideId "784958"]
[EventDate "2025.06.17"]

1. e4 e5 2. Nf3 Nc6 3. d4 exd4 4. Nxd4 Bc5 5. Nb3 Bb6 6. Nc3 d6 7. Qe2 Nge7 8.
Be3 O-O 9. O-O-O f5 10. Bxb6 axb6 11. Qc4+ Kh8 12. f3 Ne5 13. Qd4 N7c6 14. Qe3
fxe4 15. Qxe4 Bf5 16. Qe3 Nb4 17. a3 Bxc2 18. Rd4 Bxb3 19. Rxb4 Bg8 20. Be2 c5
21. Rf4 Qg5 22. g3 d5 23. Qd2 Nc6 24. Rxf8 Qxd2+ 25. Kxd2 Rxf8 26. Na4 Nd4 27.
Nxb6 Nxf3+ 28. Bxf3 Rxf3 29. Re1 Rb3 30. Na4 b6 31. Kc2 d4 32. Re8 Rb5 33. b3 h6
34. Nb2 Kh7 35. Nc4 Bxc4 36. bxc4 Ra5 37. Kb3 b5 38. Rc8 bxc4+ 39. Kxc4 Kg6 40.
Rf8 Kg5 41. Rf7 g6 42. h4+ Kg4 43. Rf6 Kh5 44. Rf4 g5 45. Re4 Kg6 46. hxg5 Kxg5
47. Kd5 d3 48. Re3 Rxa3 49. Kxc5 d2 50. Rxa3 d1=Q 51. Ra5 Kg4 52. Kb6 Kxg3 0-1

[Event "Titled Tue 17th Jun Late"]
[Site "chess.com INT"]
[Date "2025.06.17"]
[Round "1"]
[White "Rodrigues, Leonardo De Miranda"]
[Black "Craciun, Sasha-Matei"]
[Result "1-0"]
[BlackTitle "FM"]
[WhiteElo "2111"]
[BlackElo "2320"]
[WhiteFideId "2108658"]
[BlackFideId "1281186"]
[EventDate "2025.06.17"]

1. d4 Nf6 2. Nf3 e6 3. Bg5 d5 4. e3 b6 5. Bd3 Bb7 6. O-O Be7 7. Nbd2 Nbd7 8. Ne5
O-O 9. f4 Ne4 10. Bxe7 Qxe7 11. Nxd7 Qxd7 12. Nf3 Rfd8 13. Qe1 c5 14. c3 c4 15.
Bc2 b5 16. a3 a5 17. Qh4 f6 18. g4 b4 19. g5 f5 20. Ne5 Qe7 21. Rf3 g6 22. Rh3
Qg7 23. Qe1 bxc3 24. bxc3 Qe7 25. Rb1 Rab8 26. Qh4 Qg7 27. Rb6 Re8 28. Ba4 Bc6
29. Rxc6 Rb1+ 30. Kg2 Rb2+ 31. Kf1 Nxc3 32. Rc7 Rb1+ 33. Kg2 Qxc7 34. Bxe8 Rb2+
35. Kf3 Ne4 36. Bf7+ Kf8 37. Qe1 Rf2+ 38. Qxf2 Nxf2 39. Kxf2 c3 40. Rxh7 Ke7 41.
Bxg6+ Kd6 42. Rxc7 Kxc7 43. Nd3 c2 44. h4 Kb6 45. h5 Kb5 46. h6 Ka4 47. h7 Kxa3
48. h8=Q a4 49. Qb8 Ka2 50. Ke2 a3 51. Kd2 Ka1 52. Qb3 a2 53. Qc3+ Kb1 54. Qxc2+
Ka1 55. Qb2# 1-0

[Event "Titled Tue 17th Jun Late"]
[Site "chess.com INT"]
[Date "2025.06.17"]
[Round "1"]
[White "Deac, Bogdan-Daniel"]
[Black "Aalto, Patrik"]
[Result "1-0"]
[WhiteTitle "GM"]
[BlackTitle "FM"]
[WhiteElo "2674"]
[BlackElo "2316"]
[WhiteFideId "1226380"]
[BlackFideId "510726"]
[EventDate "2025.06.17"]

1. d4 Nf6 2. c4 e6 3. Nc3 Bb4 4. e3 O-O 5. Bd2 d5 6. Nf3 c5 7. cxd5 exd5 8. dxc5
Nc6 9. Be2 Bxc5 10. Na4 Bd6 11. O-O Re8 12. Rc1 Bf5 13. Nc3 h6 14. Qb3 Na5 15.
Qd1 Rc8 16. Nb5 Rxc1 17. Qxc1 Bb8 18. Rd1 Qb6 19. Nbd4 Bh7 20. b3 Nc6 21. Bc3
Ne4 22. Bb2 Ne5 23. Nxe5 Bxe5 24. Nf3 Bxb2 25. Qxb2 Qe6 26. Rc1 Qd6 27. Nd4 a6
28. b4 Qe5 29. Bf3 h5 30. a4 h4 31. h3 Ng5 32. Qd2 Be4 33. Bxe4 dxe4 34. Rc5 Qf6
35. Qc2 Qg6 36. Kf1 Ne6 37. Rc8 Rxc8 38. Qxc8+ Kh7 39. Nxe6 Qxe6 40. Qxe6 fxe6
41. Ke2 Kg6 42. Kd2 Kf5 43. Kc3 Ke5 44. Kc4 b6 45. g3 hxg3 46. fxg3 g6 47. a5
bxa5 48. bxa5 Kd6 49. h4 Kc6 50. g4 Kd6 51. Kd4 e5+ 52. Kxe4 Ke6 53. h5 gxh5 54.
gxh5 Kf6 55. h6 1-0

[Event "Titled Tue 17th Jun Late"]
[Site "chess.com INT"]
[Date "2025.06.17"]
[Round "1"]
[White "Lin, Bryan Enming"]
[Black "Nayak, Rajesh"]
[Result "1-0"]
[WhiteTitle "FM"]
[BlackTitle "FM"]
[WhiteElo "2343"]
[BlackElo "2262"]
[WhiteFideId "30987121"]
[BlackFideId "35017152"]
[EventDate "2025.06.17"]

1. e4 c5 2. Nf3 d6 3. d4 cxd4 4. Nxd4 Nf6 5. Nc3 g6 6. Be3 Bg7 7. f3 O-O 8. Qd2
Nc6 9. O-O-O Nxd4 10. Bxd4 Be6 11. Kb1 Qc7 12. h4 Rfc8 13. h5 Qa5 14. a3 Rab8
15. h6 Bh8 16. g4 b5 17. g5 b4 18. Nb5 Nd7 19. Bxh8 Kxh8 20. Qd4+ f6 21. gxf6
Nxf6 22. Qxb4 Qxb4 23. axb4 a6 24. Nd4 Bc4 25. Bxc4 Rxc4 26. c3 a5 27. b5 Kg8
28. Nc6 Rxb5 29. Nd4 Rb6 30. Kc2 Nd7 31. b3 Rc5 32. Ra1 Rg5 33. Rag1 Rxg1 34.
Rxg1 Nc5 35. Ra1 e5 36. Ne2 Nxb3 37. Ra3 Nc5 38. Rxa5 Kf7 39. Ra7+ Rb7 40. Ra8
g5 41. Rd8 Rd7 42. Rh8 Kg6 43. Rg8+ Kxh6 44. Ng3 Ne6 45. Nf5+ Kh5 46. c4 Nd4+
47. Nxd4 exd4 48. Kd3 Kh4 49. Kxd4 h5 50. Kd5 Kg3 51. Rxg5+ Kxf3 52. Rxh5 Ke3
53. Rh3+ Kf4 54. Rh4+ Kg5 55. Rh1 Kf6 56. Rh6+ Ke7 57. Re6+ Kf7 58. Rxd6 1-0

[Event "Titled Tue 17th Jun Late"]
[Site "chess.com INT"]
[Date "2025.06.17"]
[Round "1"]
[White "Makridis, Dimitrios"]
[Black "Klys, Kacper"]
[Result "1-0"]
[WhiteTitle "FM"]
[BlackTitle "CM"]
[WhiteElo "2283"]
[BlackElo "2218"]
[WhiteFideId "25864475"]
[BlackFideId "21005281"]
[EventDate "2025.06.17"]

1. e4 c6 2. d4 d5 3. exd5 cxd5 4. c4 Nc6 5. cxd5 Qxd5 6. Nf3 e5 7. Nc3 Bb4 8.
Bd2 Bxc3 9. Bxc3 e4 10. Nd2 Nf6 11. Nc4 O-O 12. Ne3 Qg5 13. h4 Qg6 14. Be2 h5
15. d5 Rd8 16. g3 Ne7 17. Bc4 Ng4 18. Nxg4 Bxg4 19. Qb3 Bf3 20. Rg1 b5 21. Qxb5
e3 22. fxe3 Nxd5 23. Bd4 Rab8 24. Qa5 Nb4 25. Kf2 Be4 26. Qg5 Qxg5 27. hxg5 Nc2
28. Rad1 Nxd4 29. exd4 Rxb2+ 30. Ke3 Bg6 31. d5 Re8+ 32. Kd4 Re4+ 33. Kc3 Rb8
34. Rd4 Re3+ 35. Kd2 Rf3 36. Bb3 Re8 37. d6 Rf2+ 38. Kc3 Rc8+ 39. Kb4 Bf5 40.
Re1 a5+ 41. Ka3 Rd8 42. Re7 Rd7 43. Bxf7+ Kf8 44. Rxd7 Bxd7 45. Bb3 Rf4 46.
Rxf4+ 1-0

[Event "Titled Tue 17th Jun Late"]
[Site "chess.com INT"]
[Date "2025.06.17"]
[Round "1"]
[White "Chiu, Isaac"]
[Black "Mika, Tomasz"]
[Result "0-1"]
[BlackTitle "CM"]
[WhiteElo "2226"]
[BlackElo "2227"]
[WhiteFideId "30900654"]
[BlackFideId "1132970"]
[EventDate "2025.06.17"]

1. e4 c5 2. Nf3 Nc6 3. d4 cxd4 4. Nxd4 e5 5. Nb5 d6 6. N1c3 a6 7. Na3 Be7 8. Be3
Nf6 9. Nc4 b5 10. Nb6 Rb8 11. Nxc8 Qxc8 12. a4 b4 13. Nd5 Nxd5 14. Qxd5 Nd4 15.
Bxd4 exd4 16. Bc4 O-O 17. O-O Qc5 18. Qxc5 dxc5 19. Bxa6 b3 20. Rac1 Bg5 21. f4
Be7 22. Bc4 bxc2 23. Rxc2 Rfd8 24. b3 d3 25. Rd2 Rd4 26. Re1 Bd8 27. Re3 Ba5 28.
Rdxd3 Bd2 29. Rf3 Bc1 30. g3 Kf8 31. Kf2 Ke7 32. Ke2 Rxe4+ 33. Kf2 Bb2 34. Rd2
Bd4+ 35. Kg2 f5 36. a5 Kd6 37. a6 Kc7 38. Ra2 Kb6 39. a7 Ra8 40. Bd5 Rxa7 41.
Rxa7 Kxa7 42. Bxe4 fxe4 43. Rf1 Kb6 44. Re1 e3 45. Kf3 Kb5 46. Ke2 Kb4 47. Rb1
Kc3 48. g4 Kc2 49. Rf1 Kxb3 50. f5 h6 51. h4 Bf6 0-1

[Event "Titled Tue 17th Jun Late"]
[Site "chess.com INT"]
[Date "2025.06.17"]
[Round "1"]
[White "Sroczynski, Maciej"]
[Black "Amar, Elham"]
[Result "0-1"]
[WhiteTitle "FM"]
[BlackTitle "GM"]
[WhiteElo "2236"]
[BlackElo "2589"]
[WhiteFideId "1121472"]
[BlackFideId "1533533"]
[EventDate "2025.06.17"]

1. d4 Nf6 2. c4 e6 3. Nf3 d5 4. Nc3 c6 5. cxd5 exd5 6. Bg5 Be7 7. Qc2 O-O 8. e3
h6 9. Bh4 Re8 10. Bd3 Ne4 11. Bxe7 Qxe7 12. O-O Bf5 13. Nd2 Nd7 14. Rae1 Ndf6
15. f3 Nxd2 16. Qxd2 Bxd3 17. Qxd3 Rad8 18. a3 b6 19. b4 h5 20. Re2 h4 21. Rd1
g6 22. e4 dxe4 23. fxe4 Kg7 24. Qf3 Nh7 25. e5 Ng5 26. Qg4 Ne6 27. Red2 Qg5 28.
Qf3 Re7 29. Ne4 Qf4 30. Qxf4 Nxf4 31. Nd6 Nd5 32. Rc1 Rc7 33. Rdc2 Ne7 34. Kf2
Rcd7 35. Kf3 f6 36. Ke4 Rf8 37. Rf2 f5+ 38. Kd3 Rfd8 39. Rfc2 Kh6 40. Rxc6 Nxc6
41. Rxc6 h3 42. Nxf5+ Kg5 43. Nd6 hxg2 44. Rc1 Rh8 45. Ne4+ Kf4 46. Rg1 Rxh2 47.
Nf6 Rf7 48. Ke2 Kf5 49. Kf2 Rh4 50. Ke3 Rc7 51. Rxg2 Rc3+ 52. Kd2 Rxa3 53. Rf2+
Ke6 0-1

[Event "Titled Tue 17th Jun Late"]
[Site "chess.com INT"]
[Date "2025.06.17"]
[Round "1"]
[White "Garzon Zapatanga, Christopher Leonel"]
[Black "Miserendino, Alfredo"]
[Result "1-0"]
[WhiteTitle "FM"]
[WhiteElo "2155"]
[BlackElo "2032"]
[WhiteFideId "3634787"]
[BlackFideId "101800"]
[EventDate "2025.06.17"]

1. b3 d5 2. Bb2 c5 3. e3 Nc6 4. Nf3 e6 5. c4 Nf6 6. Be2 Be7 7. O-O O-O 8. cxd5
Nxd5 9. Nc3 Nxc3 10. Bxc3 Bf6 11. Qc2 Nb4 12. Bxb4 cxb4 13. Rac1 Bd7 14. d4 Rc8
15. Qd2 a5 16. e4 Qb6 17. e5 Be7 18. Qf4 Bb5 19. Bxb5 Qxb5 20. Nd2 h6 21. Nc4
Bg5 22. Qg4 Bxc1 23. Rxc1 Rc6 24. h4 a4 25. Re1 a3 26. Re3 Rxc4 27. bxc4 Qxc4
28. Rg3 g6 29. h5 g5 30. Qf4 Kh7 31. Qe4+ Kh8 32. f4 Qc1+ 33. Kh2 Qxf4 34. Qxb7
Rg8 35. Qe7 Rg7 36. Qf8+ Kh7 37. Qxb4 g4 38. Qxa3 Rg5 39. Qd3+ Rf5 40. Qe3 Qxe3
41. Rxe3 Rxh5+ 42. Kg3 Rg5 43. a4 Rg8 44. a5 h5 45. a6 Ra8 46. Ra3 Kg6 47. a7
Kg5 48. Kf2 h4 49. Ke3 Kf5 50. Ra5 h3 51. gxh3 gxh3 52. Kf3 h2 53. Kg2 Ke4 54.
Ra4 1-0

[Event "Titled Tue 17th Jun Late"]
[Site "chess.com INT"]
[Date "2025.06.17"]
[Round "1"]
[White "Baturin-Vinogradov, Miroslav"]
[Black "Hakobyan, Aram"]
[Result "0-1"]
[WhiteTitle "CM"]
[BlackTitle "GM"]
[WhiteElo "2046"]
[BlackElo "2620"]
[WhiteFideId "55745741"]
[BlackFideId "13306677"]
[EventDate "2025.06.17"]

1. e4 e6 2. d4 d5 3. exd5 exd5 4. Nf3 Nf6 5. c4 Bb4+ 6. Bd2 Bxd2+ 7. Nbxd2 O-O
8. Be2 Nc6 9. O-O Re8 10. h3 Bf5 11. Rc1 Nb4 12. Nb3 Nxa2 13. Ra1 Nb4 14. Qd2
Nc6 15. Rfe1 Ne4 16. Qf4 Be6 17. Bd3 Nf6 18. Nc5 dxc4 19. Nxe6 Rxe6 20. Bxc4
Rxe1+ 21. Rxe1 Qd6 22. Ne5 Nd8 23. g4 h6 24. Ng6 Qxf4 25. Nxf4 Kf8 26. d5 a6 27.
Kg2 b5 28. Bd3 Nb7 29. Rc1 Ne8 30. Rc6 Nbd6 31. Ne2 a5 32. Nd4 b4 33. Nb5 Nxb5
34. Bxb5 a4 35. Rc1 a3 36. bxa3 bxa3 37. Ra1 Nd6 38. Bc6 Ra5 39. Ra2 Ne4 40. Kf3
Nc3 41. Ra1 a2 42. Ke3 Ra3 43. Kd2 Rb3 44. Kc2 Rb1 45. Rxa2 Nxa2 46. Kxb1 Nb4
47. Bb7 Ke7 48. Kb2 Kd6 49. Kc3 Nxd5+ 50. Kd4 Nf4 51. h4 Ne6+ 52. Ke3 Ke5 53.
Bc8 Nf4 54. h5 Nd5+ 55. Kd3 c5 56. Bb7 Nf4+ 57. Kc4 Kd6 58. Ba8 Nh3 59. Kc3 Nxf2
60. g5 hxg5 0-1